Fundamental nursing skills and concepts / (Record no. 7865)
[ view plain ]
| 000 -LEADER | |
|---|---|
| fixed length control field | 00983cam a22002534a 4500 |
| 001 - CONTROL NUMBER | |
| control field | 13512382 |
| 005 - DATE AND TIME OF LATEST TRANSACTION | |
| control field | 20251028164914.0 |
| 008 - FIXED-LENGTH DATA ELEMENTS--GENERAL INFORMATION | |
| fixed length control field | 040304s2005 paua b 001 0 eng |
| 020 ## - INTERNATIONAL STANDARD BOOK NUMBER | |
| International Standard Book Number | 0781747368 |
| Qualifying information | pbk. |
| 020 ## - INTERNATIONAL STANDARD BOOK NUMBER | |
| International Standard Book Number | 9780781747363 |
| Qualifying information | (pbk.) |
| 050 00 - LIBRARY OF CONGRESS CALL NUMBER | |
| Classification number | RT41 |
| Item number | .T54 2005 |
| 082 00 - DEWEY DECIMAL CLASSIFICATION NUMBER | |
| Classification number | 610.73 |
| Edition information | 22 |
| 100 1# - MAIN ENTRY--PERSONAL NAME | |
| Personal name | Timby, Barbara Kuhn. |
| 245 10 - TITLE STATEMENT | |
| Title | Fundamental nursing skills and concepts / |
| Statement of responsibility, etc. | Barbara Kuhn Timby. |
| 250 ## - EDITION STATEMENT | |
| Edition statement | 8th ed. |
| 260 ## - PUBLICATION, DISTRIBUTION, ETC. | |
| Place of publication, distribution, etc. | Philadelphia : |
| Name of publisher, distributor, etc. | Lippincott Williams & Wilkins, |
| Date of publication, distribution, etc. | c2005. |
| 300 ## - PHYSICAL DESCRIPTION | |
| Extent | xxi, 887 p. : |
| Other physical details | col. ill. ; |
| Dimensions | 28 cm. + |
| Accompanying material | 1 CD-ROM (4 3/4 in.) |
| 500 ## - GENERAL NOTE | |
| General note | Rev. ed. of: Fundamental skills and concepts in patient care / Barbara Kuhn. Timby. 7th ed., rev. reprint. c2003. |
| 650 #0 - SUBJECT ADDED ENTRY--TOPICAL TERM | |
| Topical term or geographic name entry element | Nursing. |
| 650 12 - SUBJECT ADDED ENTRY--TOPICAL TERM | |
| Topical term or geographic name entry element | Nursing Care. |
| 700 1# - ADDED ENTRY--PERSONAL NAME | |
| Personal name | Timby, Barbara Kuhn. |
| Title of a work | Fundamental skills and concepts in patient care. |
| 856 42 - ELECTRONIC LOCATION AND ACCESS | |
| Materials specified | Publisher description |
| Uniform Resource Identifier | <a href="http://www.loc.gov/catdir/enhancements/fy0712/2004005178-d.html">http://www.loc.gov/catdir/enhancements/fy0712/2004005178-d.html</a> |
| 942 ## - ADDED ENTRY ELEMENTS (KOHA) | |
| Source of classification or shelving scheme | Library of Congress Classification |
| Koha item type | Books |
| Edition | 8th ed. |
| Suppress in OPAC | No |
| 999 ## - | |
| -- | 7865 |
| -- | 7865 |
| Withdrawn status | Lost status | Source of classification or shelving scheme | Damaged status | Not for loan | Collection | Home library | Current library | Shelving location | Date acquired | Total checkouts | Full call number | Barcode | Date last seen | Copy number | Price effective from | Koha item type |
|---|---|---|---|---|---|---|---|---|---|---|---|---|---|---|---|---|
| Library of Congress Classification | Non-fiction | Science Library (Miotso) | Science Library (Miotso) | General stacks | 10/28/2025 | RT41 .T54 TIM | SLM00004735 | 10/28/2025 | 1 | 10/28/2025 | Books | |||||
| Library of Congress Classification | Non-fiction | Science Library (Miotso) | Science Library (Miotso) | General stacks | 10/28/2025 | RT41 .T54 TIM | SLM00004736 | 10/28/2025 | 2 | 10/28/2025 | Books | |||||
| Library of Congress Classification | Non-fiction | Science Library (Miotso) | Science Library (Miotso) | General stacks | 10/28/2025 | RT41 .T54 TIM | SLM00004737 | 10/28/2025 | 3 | 10/28/2025 | Books |